|
|
|
|
| LEADER |
01132nam a22002772a 4500 |
| 001 |
000051764 |
| 003 |
CZ BrMZK |
| 005 |
20061130064117.0 |
| 007 |
ta |
| 008 |
951201s1987 xo f slo d |
| 040 |
|
|
|a BOA001
|b cze
|
| 041 |
1 |
|
|a slo
|a rus
|
| 080 |
|
|
|a 882.0-07(075.8)
|2 MRF
|
| 245 |
0 |
0 |
|a Ruská konverzácia pre ekonómov :
|b vysokoškolská učebnica pre Vysokú školu ekonomickú v Bratislave /
|c Natália Riabininová ... [et al.]
|
| 250 |
|
|
|a 1. vyd.
|
| 260 |
|
|
|a Bratislava :
|b Slovenské pedagogické nakladateľstvo,
|c 1987
|
| 300 |
|
|
|a 255 s.
|
| 504 |
|
|
|a Obsahuje bibliografii
|
| 700 |
1 |
|
|a Rjabinina, Natália
|7 jx20060303025
|4 aut
|
| 910 |
|
|
|a BOA001
|b PK-0106.473
|b 2-0928.704
|
| 920 |
|
|
|a 000371711
|
| 964 |
|
|
|a Ruština - konverzace - učebnice - školy vysoké ekonomické
|
| 990 |
|
|
|a BK
|
| 996 |
7 |
|
|b 2619335160
|c 2-0928.704
|l MZK
|r Sklad / do 1 hodiny
|n 0
|w 000051764
|u 000020
|a 1
|e BOA001
|j MZK50
|s A
|
| 996 |
6 |
|
|b 2619709442
|c 2-0928.704
|l MZK
|r Sklad / do 1 hodiny
|n 1
|w 000051764
|u 000030
|a 1
|e BOA001
|j MZK50
|s P
|
| 996 |
7 |
|
|b 3119977834
|c PK-0106.473
|l MZK
|r Sklad / do 1 hodiny
|n 0
|w 000051764
|u 000010
|a 1
|e BOA001
|j MZK50
|s A
|